มุมมองปกติ
มุมมองแบบ MARC
- รวมเรื่อง
รายการ Topical Term
001 - CONTROL NUMBER
- control field: 545
003 - CONTROL NUMBER IDENTIFIER
- control field: NALT
005 - DATE AND TIME OF LATEST TRANSACTION
- control field: 20210310122833.0
008 - FIXED-LENGTH DATA ELEMENTS
- fixed length control field: 170616|| aca||babn | a|a d
040 ## - CATALOGING SOURCE
- Original cataloging agency: NALT
150 #4 - HEADING--TOPICAL TERM
- Topical term or geographic name entry element: รวมเรื่อง
